10 Największych miast w województwie łódzkim bez powiatu - Statystyki

Ogólne statystyki
  • Ten quiz został rozwiązany 6 razy
  • Średni wynik to 7 z 10
Statystyki odpowiedzi
liczba ludności miasto % Poprawnych
22 002 Aleksandrów Łódzki
100%
13 116 Głowno
83%
19 200 Konstantynów Łódzki
83%
18 064 Ozorków
83%
4589 Stryków
83%
7179 Tuszyn
83%
12 046 Koluszki
67%
6177 Sulejów
50%
8109 Żychlin
50%
5239 Działoszyn
33%
Nie znaleziono quizów pasujących do podanych kryteriów
Rozkład punktacji
Procent ludzi z każdym wynikiem
Percentyl według liczby udzielonych odpowiedzi
Twoja historia wyników
Nie rozwiązałeś tego quizu